Állami és magán fogászati rendelők munkakörnyezetének hatásai a dolgozók mentális egészségére
| Szerző: | |
|---|---|
| További közreműködők: | |
| Dokumentumtípus: | Záródolgozat |
| Kulcsszavak: | fogászati rendelő jóllét mentalis egészseg munkahelyi stressz munkakörnyezet |
| Online Access: | http://dolgozattar.uni-bge.hu/60159 |
MARC
| LEADER | 00000nta a2200000 i 4500 | ||
|---|---|---|---|
| 001 | dolg60159 | ||
| 005 | 20260409150051.0 | ||
| 008 | 260409suuuu hu o 000 hun d | ||
| 040 | |a BGE Dolgozattár Repozitórium |b hun | ||
| 041 | |a hu | ||
| 100 | 1 | |a Tasnádi-Kocsis Diána | |
| 245 | 1 | 0 | |a Állami és magán fogászati rendelők munkakörnyezetének hatásai a dolgozók mentális egészségére |c Tasnádi-Kocsis Diána |h [elektronikus dokumentum] |
| 516 | |a Final_paper | ||
| 520 | 3 | |a A szakdolgozat célja annak feltárása, hogy a munkahelyi környezet fizikai és pszichológiai szempontból milyen hatással van a munkavállalók mentális egészségére. A kutatás fókuszában a budapesti fogászati rendelőkben dolgozó alkalmazottak állnak, akik saját tapasztalataik alapján osztották meg véleményüket az őket körülvevő környezeti tényezőkről. A kvalitatív módszerrel végzett interjúk rávilágítanak arra, hogy a világítás, zajszint, térhasználat és ergonómiai kialakítás mellett a szociális kapcsolatok, a döntéshozatalba való bevonás és az érzelmi biztonság is meghatározó szerepet játszik a jóllét fenntartásában. A dolgozat külön figyelmet fordít a fogászati rendelők sajátos kettős szerepére, mint gyógyító és munkavégzési térre, valamint arra, hogy a munkahelyi stressz milyen módon csökkenthető tudatos tértervezés, támogató szervezeti kultúra és mentálhigiénés intézkedések révén. A kutatás eredményei hozzájárulhatnak a munkakörnyezetek fejlesztéséhez és a dolgozók mentális egészségének hosszú távú megőrzéséhez. | |
| 695 | |a fogászati rendelő | ||
| 695 | |a jóllét | ||
| 695 | |a mentalis egészseg | ||
| 695 | |a munkahelyi stressz | ||
| 695 | |a munkakörnyezet | ||
| 700 | 1 | |a Keszei Barbara |e ths | |
| 856 | 4 | 0 | |u http://dolgozattar.uni-bge.hu/60159/1/Tasn%C3%A1di_Kocsis_Di%C3%A1na_F1LT3N.pdf |z Dokumentum-elérés |
| 856 | 4 | 0 | |u http://dolgozattar.uni-bge.hu/60159/2/nyilatkozat-bge-repozitorium-dolgozattaraba-feltoltott-mu-nyilvanossa-tetelerol.pdf |z Dokumentum-elérés |
| 856 | 4 | 0 | |u http://dolgozattar.uni-bge.hu/60159/3/Tasn%C3%A1di-Kocsis%20Di%C3%A1na_KSZ%20%C3%A9s%20MH%20b%C3%ADr%C3%A1lati%20lap%202025_BK.pdf |z Dokumentum-elérés |
| 856 | 4 | 0 | |u http://dolgozattar.uni-bge.hu/60159/4/Tasna%CC%81di-Kocsis%20Dia%CC%81na_KeszeiBarbara.pdf |z Dokumentum-elérés |